Ενδοκομματική δημοκρατία και σύνταγμα : συμβολή στις πολιτικές προυποθέσεις και στην ερμηνεία του άρθρου 29 του Συντάγματος 1975/1986

Saved in:
Bibliographic Details
Main Author: Φουντεδάκη, Πηνελόπη Ν.
Format: Book
Language:Greek
Published: Αθήνα : Αντ. Ν. Σάκκουλα, 1987
Series:Σύγχρονα νομικά μελετήματα
Subjects:
Tags: Add Tag
No Tags, Be the first to tag this record!

MARC

LEADER 00000nam a2200000 i 4500
001 1/97566
008 991222s1987 gre d
035 |l 10056185 
040 |a GR-MY-UA  |b gre  |e aacr 
041 0 |a gre 
082 0 |a 342 
100 1 |a Φουντεδάκη, Πηνελόπη Ν. 
245 1 0 |a Ενδοκομματική δημοκρατία και σύνταγμα :  |b συμβολή στις πολιτικές προυποθέσεις και στην ερμηνεία του άρθρου 29 του Συντάγματος 1975/1986 /  |c Πηνελόπη Ν. Φουντεδάκη 
260 |a Αθήνα :   |b Αντ. Ν. Σάκκουλα,   |c 1987 
300 |a 328 σ. 
490 1 |a Σύγχρονα νομικά μελετήματα 
650 0 0 |a Constitutional law  |z Greece. 
830 0 |a Σύγχρονα νομικά μελετήματα 
852 |a INST  |b LESVOS  |e 19991222  |h 342 ΦΟΥ  |p 005100022286  |q 005100022286  |t BK  |y 4  |x 20010406 
901 |a BIBL1-2000-1 
909 |a Λ  |b 071756 
922 |a 1ΕΛΗ  |b 199912  |c ΤΑΚ/ΤΚ  |d ΠΑΠΑΣΩΤΗΡΙΟΥ 
950 |a 103-1999-11-11 
970 |a ΤΖΑΦΕΡΗ  |b ΕΥΑΓΓΕΛΙΑ  |z 2000/01/04